000 00703nam a2200265Ia 4500
005 20260121165934.0
008 008 260114s9999 xx 000 0 eng d
020 _a9783319315102
037 _aEBOOK
040 _aCRL
040 _beng
040 _cCRL
041 _2eng
041 _aeng
084 _qCRL
100 _aAlexander Meschtscherjakov, Boris De Ruyter, Verena Fuchsberger, Martin Murer, Manfred Tscheligi
_91057843
245 0 _aPersuasive Technology
260 _bSpringer
260 _bSpringer
260 _c2016
856 _uhttps://link.springer.com/openurl?genre=book&isbn=978-3-319-31510-2
942 _cEBOOK
999 _c1623572
_d1623572